000 00365 a2200109 4500
001 ART_39074
005 20260410161752.0
008 260409a
245 1 0 _aImplicancias territoriales de la ley 26893 en la venta de acciones y cuotas sociales
100 1 _aGarcía, Fernando D.
773 0 _tDoctrina tributaria
_g- Nº 405 (dic. 2013)
_wREV4296
999 _c19774
_d19774